[Event "France-ch U10 Girls"]
[Site "Reims"]
[Date "2004.04.19"]
[Round "3"]
[White "Cidolit, Kati"]
[Black "Delorme, Anais"]
[Result "0-1"]
[WhiteElo "1430"]
[BlackElo "1260"]
[PlyCount "78"]
[EventDate "2004.04.??"]
[EventType "swiss"]
[EventRounds "9"]
[EventCountry "FRA"]
[SourceTitle "EXT 2005"]
[Source "ChessBase"]
[SourceDate "2004.11.15"]
[SourceVersion "1"]
[SourceVersionDate "2004.11.15"]
[SourceQuality "1"]

1. e4 d5 2. e5 Bf5 3. d4 Nc6 4. Nf3 Bg4 5. Nc3 e6 6. Be2 Bb4 7. Bd2 Bxf3 8. Bxf3 Nxd4 9. a3 Bxc3 10. Bxc3 Nf5 11. 0-0 Nge7 12. h3 0-0 13. Bb4 Rc8 14. Be2 c5 15. Bc3 d4 16. Bd2 c4 17. Bb4 Re8 18. Bf3 Nd5 19. Bxd5 Qxd5 20. Re1 Nh4 21. f3 d3 22. Re4 Ng6 23. Rc1 Nxe5 24. Bc3 Ng6 25. cxd3 cxd3 26. Rd4 Qc5 27. Qxd3 e5 28. b4 Qb6 29. Rf1 exd4 30. Bxd4 Qd6 31. Qd1 Rcd8 32. Qc2 Qxd4+ 33. Kh1 Rc8 34. Qa4 Qe3 35. Rd1 Red8 36. Rxd8+ Rxd8 37. Qa5 Rd1+ 38. Kh2 Qf4+ 39. g3 Qd2# 0-1

[Event "FRA-ch U08 Girls"]
[Site "Hyeres"]
[Date "2002.??.??"]
[Round "1.3"]
[White "Delorme, Anais"]
[Black "Boutchenik, Aline"]
[Result "1-0"]
[WhiteElo "1210"]
[BlackElo "1009"]
[PlyCount "41"]
[EventDate "2002.04.05"]
[EventType "swiss"]
[EventRounds "9"]
[EventCountry "FRA"]
[SourceTitle "EXT 2003"]
[Source "ChessBase"]
[SourceDate "2002.11.25"]
[SourceVersion "1"]
[SourceVersionDate "2002.11.25"]
[SourceQuality "1"]

1. e4 e6 2. d4 d5 3. exd5 exd5 4. Qe2+ Be7 5. Nc3 Nf6 6. Bg5 0-0 7. 0-0-0 Nc6 8. Qd3 Bd6 9. Nf3 Bf4+ 10. Bxf4 Re8 11. Ne5 Qd6 12. Nxc6 Qxc6 13. Bg5 Qe6 14. Bxf6 Qe2 15. Bxe2 Rxe2 16. Qxe2 Bd7 17. Be5 Re8 18. Qh5 g6 19. Qh6 Rxe5 20. dxe5 Kh8 21. Qf8# 1-0

[Event "FRA-ch U08 Girls"]
[Site "Hyeres"]
[Date "2002.??.??"]
[Round "5.2"]
[White "Delorme, Anais"]
[Black "Neuhauser, Salome"]
[Result "0-1"]
[WhiteElo "1210"]
[BlackElo "1130"]
[PlyCount "122"]
[EventDate "2002.04.05"]
[EventType "swiss"]
[EventRounds "9"]
[EventCountry "FRA"]
[SourceTitle "EXT 2003"]
[Source "ChessBase"]
[SourceDate "2002.11.25"]
[SourceVersion "1"]
[SourceVersionDate "2002.11.25"]
[SourceQuality "1"]

1. e4 e5 2. Nf3 Nc6 3. Bc4 Bc5 4. d3 Nf6 5. Nc3 d6 6. Ng5 0-0 7. Nf3 Bg4 8. Bg5 Nd4 9. Nd5 Nxf3+ 10. gxf3 Bh3 11. Nxf6+ gxf6 12. Bh6 Re8 13. Rg1+ Kh8 14. Qd2 Rg8 15. 0-0-0 Rxg1 16. Rxg1 c6 17. f4 exf4 18. Qxf4 d5 19. Qg3 Bf8 20. Qxh3 dxc4 21. dxc4 Qd4 22. Qh5 Bxh6+ 23. Qxh6 Rg8 24. Rxg8+ Kxg8 25. c5 Qxf2 26. Qh5 Qe3+ 27. Kd1 Qxe4 28. Qe2 Qxe2+ 29. Kxe2 Kg7 30. Kd3 f5 31. Kd4 Kg6 32. Ke5 Kg5 33. Kd4 f4 34. Kd3 Kg4 35. Ke2 f3+ 36. Kf2 b6 37. cxb6 axb6 38. c4 Kf4 39. b4 Ke4 40. a4 Kd4 41. a5 bxa5 42. bxa5 Kc5 43. a6 Kb6 44. Kxf3 Kxa6 45. Ke4 Kb6 46. Kd4 f5 47. c5+ Kb5 48. h4 f4 49. Ke4 Kxc5 50. Kxf4 Kd5 51. Kf5 c5 52. Kf6 c4 53. Kg7 c3 54. Kxh7 c2 55. Kg8 c1Q 56. h5 Qh6 57. Kf7 Qxh5+ 58. Kf6 Kd6 59. Kg7 Ke7 60. Kg8 Kf6 61. Kf8 Qf7# 0-1

[Event "FRA-ch U08 Girls"]
[Site "Hyeres"]
[Date "2002.??.??"]
[Round "7.2"]
[White "Delorme, Anais"]
[Black "Thaly, Torrente"]
[Result "0-1"]
[WhiteElo "1210"]
[BlackElo "1240"]
[PlyCount "82"]
[EventDate "2002.04.05"]
[EventType "swiss"]
[EventRounds "9"]
[EventCountry "FRA"]
[SourceTitle "EXT 2003"]
[Source "ChessBase"]
[SourceDate "2002.11.25"]
[SourceVersion "1"]
[SourceVersionDate "2002.11.25"]
[SourceQuality "1"]

1. e4 c5 2. Nf3 Nc6 3. d4 cxd4 4. Nxd4 e6 5. Nb5 d6 6. Bf4 e5 7. Be3 a6 8. N5c3 Nf6 9. Bc4 Be6 10. Be2 Be7 11. Bg5 0-0 12. Bxf6 Bxf6 13. Nd5 Nd4 14. Bc4 b5 15. Bd3 Bxd5 16. exd5 Qc7 17. Nc3 b4 18. Ne2 Rac8 19. Bxa6 Nxc2+ 20. Kf1 Nxa1 21. Bxc8 Rxc8 22. Qxa1 Bg5 23. g3 Qc2 24. Ng1 Qe4 25. Ne2 Qxh1+ 26. Ng1 Qe4 27. Qe1 Rc1 28. Qxc1 Bxc1 29. Ne2 Bxb2 30. Ng1 Qc4+ 31. Kg2 Qxa2 32. Kh3 b3 33. Ne2 Bd4 34. Nc1 Qc2 35. Nxb3 Qxb3 36. f4 exf4 37. Kh4 Qxd5 38. gxf4 Qf3 39. Kg5 Bf6+ 40. Kf5 d5 41. h4 Qh3# 0-1